000
00371nam a2200145Ia 4500
008
090122s9999 xx 000 0 und d
082
_b
9710
100
_a
मेहता
_b
शशिकला
245
_a
अद्वैत
600
_a
मेहता
630
_a
अद्वैत
700
_a
मेहता
730
_a
अद्वैत
942
_c
BOOK
999
_c
33787
_d
33787